000 00549cam a2200205u 4500
001 9836387
003 BD-DhUL
005 20170521140632.0
008 840920s2001 pk a 000 0 eng
010 _a 61002473
040 _aDLC
_cCarP
_dDLC
_dBD-DhUL
050 0 0 _aBP75
_b.W33
082 _a297.265
_bALP
100 1 _aAl-Jawziyya, Ibn Qayyim.
245 1 4 _aThe Prophetic medicine /
_cIbn Qayyim Al-Jawziyya.
260 _aKarachi :
_bHafiz,
_c2001.
300 _a[6], 479 p. ;
_c22 cm.
650 0 _aIslamic medicine.
942 _2ddc
_cBK
999 _c201082
_d201082